| 000 | 01447nam a22002537a 4500 | ||
|---|---|---|---|
| 999 |
_c60120 _d60120 |
||
| 003 | Ge_BSU | ||
| 005 | 20230609155411.0 | ||
| 008 | 230609s1993 ge ||||| |||| 00| 0 geo d | ||
| 020 | _a5520014957 | ||
| 041 | _ageo | ||
| 080 | _a903.43(479.22) ნ-63 | ||
| 100 |
_aნიკოლაიშვილი, ვახტანგ _913639 |
||
| 245 |
_aკარსნისხევის მეთუნე-ხელოსანთა დასახლება / _c[რედ.: ა. აფაქიძე] ; საქ. რესპ. მკცე. აკად. არქეოლ. კვლევის ცენტრი. |
||
| 264 |
_aთბილისი : _bმეცნიერება, _c1993. |
||
| 300 |
_a119გვ. : _bტაბ. ; _c20სმ. |
||
| 504 | _aბიბლიოგრ.: გვ. 101. | ||
| 520 | _aრეზ. რუს. და ინგლ. ენ. | ||
| 653 | _aარქეოლოგიური გათხრები მცხეთაში. | ||
| 653 | _aნამოსახლარები საქართველოში | ||
| 653 | _aმეთუნე-ხელოსანთა დასახლებები საქართველოში. | ||
| 653 | _aმეთუნე-ხელოსანთა დასახლებები საქართველოში. | ||
| 700 |
_aაფაქიძე, ა. _eრედაქტორი _918606 |
||
| 942 |
_2udc _cBK |
||